Rap actuel - Statistiques

Statistiques générales
  • Ce quiz a été pris 219 fois
  • Le résultat moyen est 7 sur 15
Statistiques - réponses
Question Réponse % Correct
Quel rappeur a envoyé le son Haine&Sex ? Gazo
92%
Terminez les paroles "Violet : la couleur du papers, ............................................." le commerçant n'a pas la monnaie
70%
Quel featuring n'a jamais existé ? Gazo ft. Lil baby
68%
Quel est le bon groupe Migos ? Quavo, Offset, Takeoff
60%
Quel rappeur n'est pas du 91 ? NoName
57%
Quel rappeur est à l'origine de l'émission "Rentre dans le Cercle" ? Sofiane
51%
Quel rappeur a pour surnom Chen Zen ? Freeze Corleone
45%
Lequel de ces albums/mixtapes ne fait pas parti de ceux de Playboi Carti ? Astroworld
43%
Quel son ne fait pas parti de la discographie de Central Cee ? Goosebumps
43%
Quel rappeur ne fait pas parti du Bat7 ? Junior Bvndo
40%
Quel rappeur n'a jamais fait de son drill ? Zola
36%
Quand est-ce-que Pop Smoke est mort ? 19 février 2020
34%
Quel son d'Ed Sheeran a été remixé par Fumez The Engineer, Tion Wayne et Central Cee ? Bad habits
23%
Quel est le dernier album de Pop Smoke ? Faith
15%
Combien de certification (musicale) a Ninho ? 166
4%
Aucun quiz correspondant
Distribution des résultats
% des personnes avec chaque résultat
Percentile par nombre de réponses
Votre historique - résultats
Vous n’avez pas pris ce quiz